Представление документа в формате RUSMARC

ПолеНазваниеЗначение
  Тип записи a
  Библиографический уровень a
001 Контрольный номер RU/CBS_UL/BASE/579794974
005 Дата корректировки 20240209175225.0
100 Данные общей обработки __
a Данные общей обработки 20180516d2018 ||| 0rusy0189 ca
101 Язык документа 0_
a Язык текста rus
102 Страна публикации __
a Страна публикации RU
105 Кодированные данные (монография) __
a Кодированные данные (монография) y###||||000|y
200 Заглавие и сведения об ответственности 1_
a Заглавие Полный список
b Общее обозначение материала Текст
e Сведения, относящиеся к заглавию [сиптомы, лечение, профилактика детских инфекционных заболеваний: корь, краснуха, скарлатина, ветрянка, свинка, дифтерия]
f Первые сведения об ответственности И. Петрова
300 Общие примечания __
a Общие примечания Ограничения по возрасту - 6+
461 Уровень набора _0
1 2000
a Здоровье школьника
463 Уровень физической единицы _0
1 001RU/CBS_UL/BASE/578848076
1 2000
a № 4
v С. 50-53
1 210
d 2018
606 Тематические рубрики 0_
a Основная рубрика Инфекционные болезни детей
610 Ключевые слова 0_
a Ключевые слова дети
a Ключевые слова здоровье
a Ключевые слова болезни
a Ключевые слова инфекции
a Ключевые слова дифтерия
a Ключевые слова свинка
a Ключевые слова ветрянка
a Ключевые слова скарлатина
a Ключевые слова краснуха
a Ключевые слова корь
686 Индексы других классификаций __
a Классификационный индекс 57.33
2 Код системы ББК
700 Автор _1
a Фамилия Петрова
b Имя (инициалы) И.
801 Источник записи _0
a Страна RU
b Организация МБУК ЦБС г. Ульяновска
c Дата составления 20180516
g Правила каталогизации RCR
801 Источник записи _1
a Страна RU
b Организация МБУК ЦБС г. Ульяновска
c Дата составления 20180516
g Правила каталогизации RCR
901 Тип документа __
t Тип документа b
w Контрольный № источника RU/CBS_UL/BASE/578848076
910 Корректоры записи __
a Корректор записи Библиотека 18
938 Служебная информация __
a Имя БД period